Geografía. Sexto grado.

সংরক্ষণ করুন:
গ্রন্থ-পঞ্জীর বিবরন
সংস্থা লেখক: Comisión Nacional de Libros de Texto Gratuitos (México)
অন্যান্য লেখক: González Martínez, Sheridan et al (autor) et al, (autor)
বিন্যাস: গ্রন্থ
ভাষা:স্প্যানিশ
সংস্করন:2a edición
বিষয়গুলি:
ট্যাগগুলো: ট্যাগ যুক্ত করুন
কোনো ট্যাগ নেই, প্রথমজন হিসাবে ট্যাগ করুন!

MARC

LEADER 00000nam^a2200000^u^4500
001 000523875
005 20250521000000.0
008 071018s1000^^^^^^^^^^^^r^^^^^000^0^spa^d
009 20260310130614.554
022 |a 9786074696776 
035 |a FCE 000068117 
037 |a Acervo ITESO - Biblioteca 
041 |a spa 
082 0 4 |a 372.891  |b SEP Grado 6 2011 
110 |a Comisión Nacional de Libros de Texto Gratuitos (México) 
245 1 0 |a Geografía. Sexto grado. 
250 |a 2a edición 
264 |a México :  |b SEP : Dirección General de Materiales Educativos,  |c 2011. 
300 |a 197 p. :  |b il. 
336 |a texto  |b txt  |2 rdacontenido 
337 |a sin mediación  |b n  |2 rdamedio 
338 |a volumen  |b nc  |2 rdasoporte 
649 |a XX 
650 |a Geografía 
650 |a Estudio 
650 |a Regiones geográficas 
650 |a Libros de texto 
650 |a Enseñanza primaria 
650 |a México 
650 |a Población mundial 
700 |a González Martínez, Sheridan  |e et al  |e (autor) 
910 |a Fondo Centro de Estudios Educativos 
920 |a Impresos - Libros 
930 |a Fondos Especiales 
905 |a 133 
901 |a ALE073404  |b IT2  |c CEE  |u 20250521 
901 |a ALE073405  |b IT2  |c CEE  |u 20250521 
902 |a https://opac.biblio.iteso.mx/vufind/Record/000523875